AEW & NJPW Forbidden Door 2023 Card - Statistics

General Stats
  • This quiz has been taken 66 times
  • The average score is 27 of 50
Answer Stats
Answer % Correct
Kenny Omega
95%
Jon Moxley
93%
MJF
90%
Bryan Danielson
88%
Kazuchika Okada
88%
Matt Jackson
88%
Nick Jackson
88%
Orange Cassidy
86%
Will Ospreay
86%
Adam Page
83%
Hiroshi Tanahashi
83%
Toni Storm
81%
Wheeler Yuta
81%
Claudio Castagnoli
79%
Chris Jericho
76%
Zack Sabre Jr.
76%
Darby Allin
71%
CM Punk
69%
Sammy Guevara
67%
Sting
67%
Tetsuya Naito
67%
Eddie Kingston
60%
Katsuyori Shibata
60%
Jack Perry
57%
Tomohiro Ishii
55%
Daniel Garcia
52%
Konosuke Takeshita
52%
Jeff Cobb
45%
Shota Umino
45%
Hiromu Takahashi
43%
Minoru Suzuki
43%
SANADA
43%
Willow Nightingale
40%
Kyle Fletcher
38%
Billie Starkz
36%
Satoshi Kojima
36%
Shingo Takagi
33%
Swerve Strickland
33%
Athena
31%
El Phantasmo
31%
BUSHI
26%
TJP
26%
Brian Cage
21%
Bishop Kaun
19%
El Desperado
19%
Rocky Romero
19%
Stu Grayson
19%
Toa Liona
19%
Trent Beretta
19%
Chuck Taylor
14%
No matching quizzes found
Score Distribution
Percent of People with Each Score
Percentile by Number Answered
Your Score History
You have not taken this quiz